Elementary Analysis : (Record no. 5768)
[ view plain ]
| 000 -LEADER | |
|---|---|
| fixed length control field | 00684nam a2200241 a 4500 |
| 001 - CONTROL NUMBER | |
| JCCL Control Number | 5768 |
| 003 - CONTROL NUMBER IDENTIFIER | |
| JCCL marc code | BD-JhCC |
| 005 - DATE AND TIME OF LATEST TRANSACTION | |
| control field | 20171221095902.0 |
| 008 - FIXED-LENGTH DATA ELEMENTS--GENERAL INFORMATION | |
| fixed length control field | 171221s19601962u a|||| || | 001 0 eng d |
| 035 ## - SYSTEM CONTROL NUMBER | |
| system control number | (BD-JhCC)5768 |
| 040 ## - CATALOGING SOURCE | |
| Original cataloging agency | BD-JhCC |
| Modifying agency | BD-JhCC |
| 041 ## - LANGUAGE CODE | |
| Language code of Book | eng |
| 082 ## - DEWEY DECIMAL CLASSIFICATION NUMBER | |
| Classification number | 515 |
| Author mark and Year | TRI 1962 |
| 100 ## - MAIN ENTRY--PERSONAL NAME | |
| Personal name | Trimble, H. C. |
| 245 ## - TITLE STATEMENT | |
| Title | Elementary Analysis : |
| Remainder of title | a modern approach / |
| Statement of responsibility, etc | H.C. Trimble and Fred W. Lott, jr. |
| 260 ## - PUBLICATION, DISTRIBUTION, ETC. (IMPRINT) | |
| Place of publication, distribution, etc | U.S.A. |
| Name of publisher, distributor, etc | Englewood Cliffs, N.J. Prentice- Hall, Inc. |
| Date of publication, distribution, etc | 1962. |
| 300 ## - PHYSICAL DESCRIPTION | |
| Pagination | 621 p. : |
| Other physical details | ill. ; |
| Dimensions | 22 cm. |
| 490 ## - SERIES STATEMENT | |
| Series statement | Prentice-Hall Mathematics Series |
| 504 ## - BIBLIOGRAPHY, ETC. NOTE | |
| Bibliography, etc | Includes Index |
| 700 ## - ADDED ENTRY--PERSONAL NAME | |
| Personal name | Lott, Fred W. |
| 942 ## - ADDED ENTRY ELEMENTS (KOHA) | |
| Source of classification or shelving scheme | Dewey Decimal Classification |
| Koha item type | Books |
| Source of classification or shelving scheme | Damaged status | Not for loan | Home library | Current library | Shelving location | Total Checkouts | Full call number | Barcode | Date last seen | Copy number | Koha item type |
|---|---|---|---|---|---|---|---|---|---|---|---|
| Dewey Decimal Classification | JCC Rouf Library | JCC Rouf Library | General Stacks | 515 TRI 1962 | 7933 | 12/21/2017 | C - 1 | Books |